LEADER 01522nam0-22004331i-450 001 990003044080403321 005 20180416130426.0 010 $a1-85278-419-9 035 $a000304408 035 $aFED01000304408 035 $a(Aleph)000304408FED01 035 $a000304408 100 $a20030910d1992----km-y0itay50------ba 101 0 $aita 102 $aIT 105 $aa-------001yy 200 1 $aDebts and Deficits$fEdited by Lakis C. Kaounides and Geoffrey E. Wood. 210 $aAldershot$cEdward Elgar$d1992. 215 $a3 v. (XLIV, 252 p.), (X, 591 p.), VIII, 486 p.)$d24 cm 225 1 $a<>international library of macroeconomic and financial history$v9 300 $aVol.1: Public Debt and Classical Political Economy. - Vol.2: Deficit Finance, the New Economics and the Dissenters. - Vol.3: Debt Neutrality and the Theory of Fiscal Policy 1970s to 1990s 610 0 $aDebito pubblico$aTeorie economiche$aStoria 676 $aN/2.35 702 1$aKaounides,$bLakis C. 702 1$aWood,$bGeoffrey Edward 801 0$aIT$bUNINA$gRICA$2UNIMARC 901 $aBK 912 $a990003044080403321 952 $aN/2.35 KAO/2$b12759$nvol.2$fSES 952 $aN/2.35 KAO/3$b12760$nvol.3$fSES 952 $aN/2.35 KAO/1$b12758$nvol.1$fSES 952 $aN/2.35 KAO$b12758-12760$fSES 952 $aH6.12/1$b5206/1$fDECTS 952 $aH6.12/2$b5206/2$fDECTS 952 $aH6.12/3$b5206/3$fDECTS 959 $aSES 959 $aDECTS 996 $aDebts and Deficits$9463332 997 $aUNINA LEADER 01059nam--2200361---450- 001 990003466790203316 005 20101111090827.0 010 $a978-88-217-3184-6 035 $a000346679 035 $aUSA01000346679 035 $a(ALEPH)000346679USA01 035 $a000346679 100 $a20101111d2010----km-y0itay50------ba 101 $aita 102 $aIT 105 $a||||||||001yy 200 1 $aCodice dell'energia$enormativa prassi giurisprudenza$fa cura di Francesco Arecco 210 $aMilanofiori Assago$cIpsoa$d2010 215 $aXIX, 1170 p.$d21 cm$e1 CD-ROM 410 0$12001 454 1$12001 461 1$1001-------$12001 676 $a343.45052 702 1$aARECCO,$bFrancesco 801 0$aIT$bsalbc$gISBD 912 $a990003466790203316 951 $aXXIV.3.A. 472$b67601 G.$cXXIV.3.A.$d00283835 959 $aBK 979 $aFIORELLA$b90$c20101111$lUSA01$h0900 979 $aFIORELLA$b90$c20101111$lUSA01$h0905 979 $aFIORELLA$b90$c20101111$lUSA01$h0908 996 $aCODICE dell'energia$9107859 997 $aUNISA